Normal view MARC view
  • GARG, KRISHNA AND JOSHI, MEDHA. / SARAN, MEENAKSHI, SARAN

Entry Personal Name

Number of records used in: 1

001 - CONTROL NUMBER

  • control field: 5146

003 - CONTROL NUMBER IDENTIFIER

  • control field: OSt

005 - DATE AND TIME OF LATEST TRANSACTION

  • control field: 20200225165406.0

008 - FIXED-LENGTH DATA ELEMENTS

  • fixed length control field: 200225|| aca||aabn | a|a d

040 ## - CATALOGING SOURCE

  • Original cataloging agency: OSt
  • Transcribing agency: OSt

100 ## - HEADING--PERSONAL NAME

  • Personal name: GARG, KRISHNA AND JOSHI, MEDHA. / SARAN, MEENAKSHI, SARAN

670 ## - SOURCE DATA FOUND

  • Source citation: Work cat.: (OSt): GARG, KRISHNA AND JOSHI, MEDHA. / SARAN, MEENAKSHI, SARAN, ANATOMY AND PHYSIOLOGY :THEORY AND PRACTICAL FOR DIPLOMA IN PHARMACY STUDENTS